| 000 | 00488nam a2200169 4500 | ||
|---|---|---|---|
| 001 | 137683 | ||
| 003 | ES-MaACL | ||
| 005 | 20230906195425.0 | ||
| 007 | t| | ||
| 008 | 070214s1980 ag r ||||1| spa d | ||
| 100 | 1 |
_aSales, Herberto. _9101874 |
|
| 245 | 1 | 0 |
_aDiamante / _cHerberto Sales ; traducción de Estela Dos Santos. |
| 260 |
_aBuenos Aires : _bEd. Sudamericana, _c1980. |
||
| 300 |
_a428 p. ; _c18 cm. |
||
| 505 | 8 | _aSantos, Estela Dos | |
| 852 |
_aES-MaACL _jC-47113 _bR.101376 |
||
| 999 |
_c137683 _d137683 |
||